Storia sociale dei media : (Record n. 359419)
[ formato base ]
| 000 -LEADER | |
|---|---|
| fixed length control field | 02049nam a2200337 u 4500 |
| 001 - CONTROL NUMBER | |
| control field | 000000354054 |
| 003 - CONTROL NUMBER IDENTIFIER | |
| control field | IT-MiSPE |
| 005 - DATE AND TIME OF LATEST TRANSACTION | |
| control field | 20220913161700.0 |
| 008 - FIXED-LENGTH DATA ELEMENTS--GENERAL INFORMATION | |
| fixed length control field | 070314s2002 it abch 00100 ita d |
| 020 ## - INTERNATIONAL STANDARD BOOK NUMBER | |
| International Standard Book Number | 9788815138903 |
| Terms of availability | 29.00 EUR |
| 040 ## - CATALOGING SOURCE | |
| Original cataloging agency | IT-MiSPE |
| Language of cataloging | ita |
| Transcribing agency | IT-MiSPE |
| 041 ## - LANGUAGE CODE | |
| Language code of text/sound track or separate title | ita |
| 082 ## - DEWEY DECIMAL CLASSIFICATION NUMBER | |
| Classification number | 302.9-BRI as st (axa 23316) |
| 100 1# - MAIN ENTRY--PERSONAL NAME | |
| Personal name | Briggs, Asa, |
| Dates associated with a name | 1921-2016 |
| 9 (RLIN) | 59084 |
| 110 ## - MAIN ENTRY--CORPORATE NAME | |
| Relator code | Burke, Peter |
| 240 12 - UNIFORM TITLE | |
| Uniform title | A Social History of the Media. From Gutenberg to the Internet |
| Language of a work | eng |
| 245 10 - TITLE STATEMENT | |
| Title | Storia sociale dei media : |
| Remainder of title | da Gutenberg a internet / |
| Statement of responsibility, etc. | Asa Briggs, Peter Burke. |
| 260 ## - PUBLICATION, DISTRIBUTION, ETC. (IMPRINT) | |
| Place of publication, distribution, etc. | Bologna : |
| Name of publisher, distributor, etc. | Il Mulino, |
| Date of publication, distribution, etc. | ©2002 - 2010 (3a edizione aggiornata) |
| 300 ## - PHYSICAL DESCRIPTION | |
| Extent | 510 p., [8] p. di tav. : |
| Other physical details | c. geogr., ritr., facs. ; |
| Dimensions | 21 cm |
| 490 1# - SERIES STATEMENT | |
| Series statement | Le vie della civiltà |
| 500 ## - GENERAL NOTE | |
| General note | Tit. orig.: A Social History of Media. From Gutenberg to the Internet. |
| 504 ## - BIBLIOGRAPHY, ETC. NOTE | |
| Bibliography, etc | Cronologia dei media (pp. [455]-467), bibliografia (pp. [471]-496) e indice. |
| 520 ## - SUMMARY, ETC. | |
| Summary, etc. | Questo volume dà una profondità storica ai media, collegandoli in una complessiva storia della comunicazione, a partire dall'invenzione della stampa nel Quattrocento. Burke passa in rassegna i diversi "mezzi di comunicazione" dell'età moderna (la stampa ma anche la posta, la predicazione, la canzone, le chiacchiere, il caffè, l'immagine, il teatro) mostrando come essi abbiano determinato la formazione di una sfera pubblica. Briggs poi racconta la grande crescita otto-novecentesca dei mezzi di comunicazione, secondo una visione allargata che include l'invenzione del motore a vapore, lo sviluppo delle ferrovie, della navigazione, del telegrafo, della posta, fino all'odierno sistema dei mass media. |
| 546 ## - LANGUAGE NOTE | |
| Language note | Traduzione di Erica Joy Mannucci e Domenico Giusti. |
| 655 #7 - INDEX TERM--GENRE/FORM | |
| Genre/form data or focus term | Comunicazione sociale. Generalità |
| General subdivision | Storia della comunicazione sociale. |
| Source of term | local |
| 9 (RLIN) | 59085 |
| 700 1# - ADDED ENTRY--PERSONAL NAME | |
| Personal name | Burke, Peter, |
| Dates associated with a name | 1937- |
| 9 (RLIN) | 59086 |
| 830 #3 - SERIES ADDED ENTRY--UNIFORM TITLE | |
| Uniform title | Le vie della civiltà. |
| 9 (RLIN) | 58361 |
| 942 ## - ADDED ENTRY ELEMENTS (KOHA) | |
| Source of classification or shelving scheme | Dewey Decimal Classification |
| Koha item type | LIBRO |
| Withdrawn status | Lost status | Source of classification or shelving scheme | Damaged status | Not for loan | Home library | Current library | Date acquired | Total Checkouts | Full call number | Barcode | Date last seen | Price effective from | Koha item type |
|---|---|---|---|---|---|---|---|---|---|---|---|---|---|
| Dewey Decimal Classification | Buone Condizioni | Not For Loan | CINISELLO | CINISELLO | 25/02/2022 | 302.9-BRI as st (pau 23316) | 9788815138903 | 25/02/2022 | 25/02/2022 | LIBRO |